Responses for Show #7321 - Monday, June 13, 2016

Hunter Appler game 4.

Contestants

[<< previous game]

Barbara Amster, a retired teacher from Warrenton, Virginia

Amber Garrett, an entertainment news editor from New York, New York

Hunter Appler, an attorney originally from Mount Airy, North Carolina (whose 3-day cash winnings total $71,400)

[next game >>]

Jeopardy! Round responses

GLUTEN-US MINIMUS
HOLIDAYS AROUND THE WORLD
WE RECOGNIZE THE SENATOR FROM NEW YORK
RHYMES WITH BRAINS
ACTORS IN COMMERCIALS
BOOK ENDS
(Alex: We'll give you the last lines of a work of fiction. You identify the novel for us.)
    $200 18
cider

Hunter
    $200 11
Good Friday

Amber
    $200 12
Goodell

Amber
    $200 1
(window) panes

Hunter
    $200 13
GEICO

Barbara
    $200 5
(Barbara: What is, uh, Harry Po--The Deathly Hallows?)
(Alex: Yes.)
(Barbara: Part 2.)
[Alex laughs while looking over at the judges.]
(Alex: Okay. Go again.)

Harry Potter and the Deathly Hallows

Barbara
    $400 19
polenta

Barbara
    $400 23
Armenia

Barbara
    $400 27
(Chuck) Schumer

Amber
    $400 2
veins

Hunter
    $400 14
cranberries

Hunter
    $400 6
The Last of the Mohicans

Hunter
    $600 21
quinoa

Barbara
    $600 24
Buddha

Hunter
    $600 28
Seward

Hunter
    $600 3
the Husseins

Hunter
    $600 15
(Barbara: Who is Fred Thompson?)

Sam Waterston

HunterBarbara
    $600 7
Atlas Shrugged

Hunter
    $800 20
crème brûlée

Hunter
    $800 25
the Day of the Dead

Hunter
    $200 29
Van Buren

Hunter
    $800 4
trains

Barbara
    $800 16
Wendy's

Barbara
    $800 9
Love Story

Triple Stumper
    $1000 22
(Barbara: What is Ragú?)

Prego

HunterBarbara
    $1000 26
(Barbara: What is Jordan?)

Morocco

Barbara
Triple Stumper
    $1000 30
(John Foster) Dulles

Amber
    $1000 8
refrains

Amber
    $1000 17
AT&T

Hunter
    $1000 10
The Wind in the Willows

Barbara

Scores at the first commercial break (after clue 15):

Hunter Amber Barbara
$3,200 $1,400 $1,600

Scores at the end of the Jeopardy! Round:

Hunter Amber Barbara
$8,400 $2,800 $1,800

Double Jeopardy! Round responses

NEW IN SCIENCE
IT'S ALL ABOUT HER
CAPITALS OF THE WEST INDIES
WORDS WITH SILENT CONSONANTS
THE LAW
YOU USED TO BE "BIG"
    $400 2
solar panels

Amber
    $400 7
Princess Di

Triple Stumper
    $400 13
Havana

Amber
    $400 1
debt

Hunter
    $400 15
(Antonin) Scalia

Hunter
    $400 17
The Biggest Loser

Amber
    $800 11
polio

Hunter
    $800 8
Margaret Mitchell

Barbara
    $800 14
Kingston

Hunter
    $800 3
gnome

Amber
    $800 16
castle

Barbara
    $800 18
The Big Chill

Barbara
    $1200 12
the International Date Line

Amber
    $1,200 9
(Barbara: Who is Claire Bloom?)

Georgia O'Keeffe

Barbara
    $1200 26
(Barbara: What is Jamaica?)

Barbados

AmberBarbara
    $1200 4
(Barbara: What's a freeze?)

ballet

Barbara
Triple Stumper
    $2,000 20
(Alex: Aren't you glad you got a Daily Double about the law?)
[Hunter forces a chuckle.]
(Alex: Attorney Hunter.)
(Hunter: That's right.)

eminent domain

Hunter
    $1200 19
Big Love

Hunter
    $1600 25
(Alex: Yes, less than a minute now.)

a laser

Amber
    $1600 10
Lena Horne

Hunter
    $1600 5
psychotropic

Amber
    $1600 21
(Amber: Who is F. Lee Bailey?)

Alan Dershowitz

AmberBarbara
    $1600 23
Big Daddy

Triple Stumper
    $2000 28
[The end-of-round signal sounds.]

the Galápagos

Hunter
    $2000 22
the Kennedys

Amber
    $2000 27
(Barbara: What is Haiti?)

the Island of Martinique

Barbara
Triple Stumper
    $2000 6
scenario

Triple Stumper
    $2000 24
(Alex: He was called [*]. [*] Tilden.)

"Big Bill"

Triple Stumper

Scores at the end of the Double Jeopardy! Round:

Hunter Amber Barbara
$17,600 $10,800 $200

[wagering suggestions for these scores]

Final Jeopardy! Round responses

BILLBOARD CHART-TOPPERS
(Alex: There are three names that would come to mind here.)
...
(Alex: The other name that would've come to mind was Nat King Cole.)
BarbaraWho is Johnny Cash? Tony Bennett
$0
AmberWho is Johnny Cash?
$10,000
HunterWho is Tony Bennett?
$4,001
Tony Bennett

Final scores:

Hunter Amber Barbara
$21,601 $800 $200
4-day champion: $93,001 2nd place: $2,000 3rd place: $1,000

Game dynamics:

Coryat scores:

Hunter Amber Barbara
$17,400 $10,800 $1,400
23 R
(including 2 DDs),
0 W
14 R,
1 W
12 R,
7 W
(including 1 DD)

Combined Coryat: $29,600

[game clues] [game scores] [suggest correction]

Game tape date: 2016-03-22
The J! Archive is created by fans, for fans. Scraping, republication, monetization, and malicious use prohibited; this site may use cookies and collect identifying information. See terms. The Jeopardy! game show and all elements thereof, including but not limited to copyright and trademark thereto, are the property of Jeopardy Productions, Inc. and are protected under law. This website is not affiliated with, sponsored by, or operated by Jeopardy Productions, Inc. Join the discussion at JBoard.tv.